|
|
|
|
| LEADER |
00000nab a2200000 a 4500 |
| 001 |
vtls000923291 |
| 003 |
SK-MaSNL |
| 005 |
20260303223532.0 |
| 008 |
040720e19971205xo 0 slo |
| 035 |
|
|
|a KE32168
|
| 040 |
|
|
|a KEVKJB
|b slo
|c KEVKJB
|e AACR2
|
| 041 |
0 |
|
|a slo
|
| 044 |
|
|
|a xo
|c SK
|
| 080 |
|
|
|a 331.884
|2 1981
|
| 110 |
2 |
|
|a Tlačová agentúra Slovenskej republiky
|4 aut
|9 177619
|
| 245 |
0 |
0 |
|a Krátkodobé i dlhodobé ciele energetikov
|
| 610 |
2 |
7 |
|a Slovenský odborový zväz energetikov
|2 KEVKJB
|9 988877
|
| 650 |
0 |
7 |
|a odborári
|2 KEVKJB
|9 29742
|
| 650 |
0 |
7 |
|a zasadnutia
|2 KEVKJB
|9 372516
|
| 650 |
0 |
7 |
|a informácie
|2 KEVKJB
|9 1285
|
| 651 |
|
7 |
|a Košice (Slovensko)
|2 KEVKJB
|9 18694
|
| 651 |
|
7 |
|a KE,
|2 KEVKJB
|9 877256
|
| 655 |
|
7 |
|a periodikum
|2 snkbucl
|9 29553
|
| 710 |
2 |
|
|a Slovenský odborový zväz energetikov
|4 aut
|9 988877
|
| 773 |
0 |
8 |
|t Práca
|g Roč. 52, č.280, 5.12.1997, s. 2
|
| 852 |
|
|
|a ZVYKNI
|b KIS3GCP
|
| 999 |
|
|
|c 2248239
|d 2250169
|